Statistics for Movie Titles Before and After

Click here to take the quiz!

General Stats

  • This quiz has been taken 217 times
  • The average score is 6 of 16

Answer Stats

HintAnswer% Correct
A boy discovers that the wielder of the Dark Side of the Force is his father, and then must travel back in time to ensure that said father kisses his mother at the Enchantment Under the Sea dance.The Empire Strikes Back to the Future
86%
A disillusioned suburban father quits his job and regresses to his teenage years: smoking pot, working out, and lusting after a cheerleader. He will stay in this form permanently if he doesn't find love before the last petal falls from a rose.American Beauty and the Beast
64%
A mother and her child switch bodies and live each other's experiences, during which time the child drowns, and the mother murders teenagers in revenge.Freaky Friday the 13th
64%
In 2045, an orphan rallies with other players to win a virtual reality game called OASIS and fight back against the tyrannical nurse who runs the mental institution in which they live.Ready Player One Flew Over the Cuckoo's Nest
60%
In the 1940's, a suicidal man learns to appreciate what he has after an angel shows him an alternate timeline in which he had never been born. The man remembers all the people whose lives would be worse without him, including his son, whom he shepherded through a concentration camp with fantastic and imaginative stories to keep the son from realizing the truth of their life in the camp.It's A Wonderful Life Is Beautiful
52%
A swashbuckling pirate battles a conniving prince, enormous rodents, and a self-proclaimed evil genius in pursuit of his beloved, a female monster created in a lab just for him.The Princess Bride of Frankenstein
51%
A young Navy lawyer tries to exonerate two Marines, expose a corrupt general, and defeat a cockroach-like alien intent on stealing a small galaxy and starting a war with the Arquillians.A Few Good Men in Black
50%
A promising boxer's life falls apart due to his uncontrollable anger and jealousy. He resurrects his career as a minor league baseball player, and finds love again.Raging Bull Durham
36%
Two male jazz musicians disguise themselves as women to escape Chicago gangsters, and time travel to the 1980's, where they relive the best ski weekend of their lives and reflect on their choices since that weekend.Some Like It Hot Tub Time Machine
24%
Two people who once shared a passionate night in Vienna reconnect nine years later to spend an afternoon in Paris, where they deal with a delusional former actress who talks endlessly of her past work with Cecil B. DeMille.Before Sunset Boulevard
23%
An idealistic white southern lawyer defends two black men in two adjacent states: one who murdered the two men who raped his daughter, and one who is wrongly accused of raping a lonely white girl.A Time to Kill a Mockingbird
21%
In the 1860's, a group is snowed in at a cabin in the mountains of Wyoming. During the storm, they discover that some of the inhabitants are part of a murderous gang, and divide into camps trying to identify who is not telling the truth, with violent results. As punishment for their crimes, all of them are expelled from Major League Baseball following the 1919 World Series.The Hateful Eight Men Out
18%
Seven representative personalities of a celebrated musician explore their lives through music. One of them is an 11-year-old boy who freighthops across the United before settling in the southwest, where he develops into a ruthless oil baron who exploits a small religious town and feuds with its young pastor.I'm Not There Will Be Blood
13%
An American writer is offered a job in Vienna by an old friend, but arrives to find his friend has died under very suspicious circumstances. The writer resolves to uncover the mystery surrounding the death, and learns that after his friend got rich by selling diluted penicillin, he escaped to America, where he gained fame as a "song and dance man" who specialized in elaborate hoaxes and starred on Saturday Night Live before finally succumbing to lung cancer.The Third Man on the Moon
10%
In the 1940's, a Connecticut couple resolves to revive their dreams to escape their humdrum suburban life and move to Paris, but their plans are thwarted when the local mob boss's son betrays them and kills their family. The couple must flee town and get Frank Nitti's blessing to take revenge against their family's killer.Revolutionary Road to Perdition
7%
A Texas congressman uses his charms to get funding for the mujahideen's efforts to reunite their children with their mothers during an alien invasion.Charlie Wilson's War of the Worlds
6%

Score Distribution

Percentile by Number Answered

Percent of People with Each Score

Your Score History

You have not taken this quiz